000 00304nam a22001337a 4500
020 _a978-0-349-11874-1
082 _a900
_bLUC/I
100 _aLUCE, EDWARD
245 _aIN SPITE OF THE GODS
260 _aGREAT BRITAIN
_bABACUS
_c2006
300 _a399
650 _aHISTORY REFERENCE
_zINDIA
942 _cBK
999 _c1610
_d1610